000 00550nam a2200193Ia 4500
005 20260120124617.0
008 008 260114s9999 xx 000 0 eng d
020 _a9780762313327
037 _aEBOOK
040 _aCRL
_beng
_cCRL
041 _aeng
_2eng
084 _qCRL
245 0 _aBeing There Even When You Are Not
260 _bEmerald Publishing
_c2007
700 _aRobert Hooijberg
_9908358
856 _uhttps://www.emerald.com/insight/publication/doi/10.1016/S1479-3571(2007)4
942 _cEBOOK
999 _c1500250
_d1500250